000
00332nam a2200145Ia 4500
005
20240807062109.0
008
240806s9999||||xx |||||||||||||| ||eng||
041
_a
eng
100
_a
Chaube Utterakhand
245
0
_a
Itihas darsan /
_c
Chaube Utterakhand
260
_b
V.V.P
300
_a
390
650
_a
Anc. History
942
_c
BK
999
_c
8335
_d
8335